Loading...
Vrutha sastram/
| Main Author: | |
|---|---|
| Format: | Printed Book |
| Language: | Malayalam |
| Published: |
Kottayam:
National Book Stall,
1984
|
| LEADER | 00561nam a22001817a 4500 | ||
|---|---|---|---|
| 003 | OSt | ||
| 005 | 20200624134619.0 | ||
| 008 | 160311b xxu||||| |||| 00| 0 mal d | ||
| 041 | |a mal | ||
| 082 | |a 455 MAT/V | ||
| 100 | |a Mathew, T. V. | ||
| 245 | |a Vrutha sastram/ |c T. V. Mathew | ||
| 260 | |a Kottayam: |b National Book Stall, |c 1984 | ||
| 300 | |a 397p. | ||
| 546 | |a In Malayalam | ||
| 942 | |2 ddc |c BK | ||
| 999 | |c 327664 |d 327664 | ||
| 952 | |0 0 |1 0 |2 ddc |4 0 |6 455_000000000000000_MAT_V |7 0 |9 374229 |a CSC |b CSC |c ST1 |d 2016-03-11 |i 5595 |l 0 |o 455 MAT/ V |p CSC5595 |r 2016-03-11 |w 2016-03-11 |y BK | ||